| 000 | 00342nam a2200121 a 4500 | ||
|---|---|---|---|
| 001 | 000046133 | ||
| 005 | 20201002052647.0 | ||
| 008 | 150519s2012 000 spa d | ||
| 040 |
_aDO-SdBNP _bspa _cBNPHU |
||
| 245 | 0 | _aActividades del secretario general 2011. | |
| 260 |
_aSanto Domingo : _bSG-SICA, _c[2012]. |
||
| 300 |
_a31 p. : _bil ; _c29 cm. |
||
| 999 |
_c45622 _d45622 |
||